00754cam a2200217 a 4500001000500000005001700005020001800022040001800040050002000058082001000078100002300088245012000111250002600231260003500257300005900292505000800351520010200359521002000461521002000481700003500501268220240111134329.0 a9780545487948 aDLCcDLCbeng00aPZ7.D3587b200000a[Fic]1 aDeedy, Carmen Agra14aThe yellow star :bthe legend of King Christian X of Denmark /cCarmen Agra Deedy ; illustrated by Henri Sørensen. aPrinted in the U.S.A  aNew York :bScholastic ,c2000 a28 unnumbered pages :bcolor illustrations ; c27 cm.  aR  aRetells the story of King Christian X and the Danish resistance to the Nazis during World War II. a780 bLexile  aR bRaz-Plus 1 aSørensen, Henrieillustrator